| 000 | 00471pab a2200169 454500 | ||
|---|---|---|---|
| 008 | 180718b2015 xxu||||| |||| 00| 0 eng d | ||
| 100 | _aNigam, Kriti et al | ||
| 245 | _aExamination of handwritten suicide note for authorship and changes due to depression: a case study | ||
| 260 | _c2015 | ||
| 300 | _ap.192-198. | ||
| 362 | _aApr-Jun | ||
| 650 | _aDepression | ||
| 650 | _aHandwriting | ||
| 650 | _aSuicide | ||
| 773 | _aIndian Police Journal | ||
| 909 | _a113063 | ||
| 999 |
_c113058 _d113058 |
||